| 000 | 01424nam a2200325 4500 | ||
|---|---|---|---|
| 001 | 0000019591 | ||
| 003 | CO-CtgCURN | ||
| 005 | 20260319134729.0 | ||
| 007 | ta | ||
| 008 | 160627s2000 000 0 eng d | ||
| 020 | _a958918152X | ||
| 040 |
_aCO-CtgCURN _bspa _ccoctgcurn |
||
| 082 | 0 |
_a649.1 _bG65p |
|
| 100 | 1 | _aGómez Ramírez, Juan Fernando. | |
| 245 | 1 | 0 |
_aPuericultura : _bel arte de la crianza / _cJuan Fernando Gómez Ramírez , Alvaro Posada Díaz, Humberto Gómez Ramírez. |
| 260 |
_aBogotá : _bPanamericana, _c2000. |
||
| 300 | _a282 p. | ||
| 336 | _2rdacontent | ||
| 337 |
_2rdamedia _asin mediacion _bn |
||
| 338 |
_2rdacarrier _avolumen _bnc |
||
| 500 | _aIncluye indice de contenido. | ||
| 505 | 8 | _aLas metas del desarrollo humano.--El niño y la crianza.--El niño y la familia.--El niño y la escuela.--El cuidado del niño.--Autoestima, creatividad, salud.--La familia y su relacion con la crianza.--La disciplina.--Prevencion de accidentes en el hogar.--La adaptacion del niño a la primera institucion educativa.--La televisión y la crianza.--El juego de los niños | |
| 590 | _aPediatría (Medicina) | ||
| 650 | 1 | 4 |
_aNiños _vCuidado e higiene. |
| 700 | 1 | _aPosada Díaz, Alvaro. | |
| 908 | _a160627 | ||
| 942 |
_cBK _h649.1 _iG65p _2ddc |
||
| 999 |
_c10243 _d10243 |
||